| 000 | 00473nam a2200157 i 4500 | ||
|---|---|---|---|
| 001 | 99219 | ||
| 003 | ES-MaACL | ||
| 005 | 20230906182448.0 | ||
| 007 | t| | ||
| 008 | 050902s1964 sp ||||1| spa d | ||
| 100 | 1 |
_aMartín Escudero, Alfonso. _977483 |
|
| 245 | 1 | 0 |
_aA quienes deben pertenecer los beneficios de las empresas / _cAlfonso Martín Escudero. |
| 260 |
_aMadrid : _bAltamira, _c1964. |
||
| 300 |
_a99 p., 4 h. ; _c25 cm. |
||
| 852 |
_aES-MaACL _jC-25808 _bR.54582 |
||
| 999 |
_c99219 _d99219 |
||